1848 1237 1496 1250 1381 1540 1398 1101 1694 1747 1798 1657 1629 1995 1885 1474 1809 1086 1953 1831 1329 1405 1341 1094 1707 1284 1225 1851 1192 1716 1348 1810 1901 1463 1232 1187 1665 1289 1098 1041 1224 1310 1266 1304 1005 1536 1208 1512 1241 1963 1268 1034 1743 1939 1707 1646 1305 1381 1116 1029 1705 1476 1911 1023 1963 1625 1136 1163 1985 1720 1081 1623 1321 1958 1690 1560 1553 1308 1024 1615 1317 1217 1901 1332 1483 1576 1418 1951 1203 1177 1896 1287 1773 1912 1926 1785 1767 1696 1383 BCNSPRNW ULIB Ver.6.0+V

เปลี่ยนเป็นภาษาไทย

Change to English
 แสดงรายละเอียดบรรณานุกรม
  กลับหน้าหลัก

Brief Record : Get Marc (ISO 2709) : E-mail record : QR code < ปิดหน้าต่าง
LEADER : 00000nam a2200000Ia 4500
001    13399125501
003     ULIB
008    160804s2559 th 000 0 tha d
020    ^a9789741959686
040    ^abpy
060 04 ^aQV737^bธ666s
100 0  ^aธีระพงษ์ ศรีศิลป์
245 10 ^aShort note pharmacotherapy โรคในร้านยา ฉบับปรับปรุง พ.ศ. 2559/^cเรียบเรียงโดย ธีระพงษ์ ศรีศิลป์
246 30 ^aโรคในร้านยา
250    ^aพิมพ์ครั้งที่ 1
260    ^aมหาสารคาม :^bคณะเภสัชศาสตร์ มหาวิทยาลัยมหาสารคาม,^c2559
300    ^a188 หน้า ;^c21 ซม.
650  2 ^aCommunity Pharmacy Services
650  2 ^aDrugs^xtherapeutic use
650  2 ^aDrug Therapy
650  4 ^aร้านขายยา
650  4 ^aโรค^xการรักษาด้วยยา
650  4 ^aการรักษาด้วยยา
650  4 ^aยา^xการใช้รักษา
710 2  ^aมหาวิทยาลัยมหาสารคาม.^bคณะเภสัชศาสตร์
945    ^p180^l0^i25146
945    ^p180^l0^i25147
995    ^aกัณชพร
999    ^aกัณชพร
รายการนี้ยังไม่มีแท็ก
คุณยังไม่ได้ล็อกอิน คุณสามารถมีกิจกรรมร่วมกับเว็บไซต์ได้ แต่ต้องล็อกอินก่อน ::
  ล็อกอิน

รายการสื่อสารสนเทศ

ลำดับที่ ประเภท เลขเรียก/บาร์โค้ด สถานที่ สถานะ
1. หนังสือสำรอง
หนังสือสำรอง
สถานะ=หนังสือเก่า
QV737 ธ666s ฉ.1 
  Barcode: 25146
ห้องสมุดวิทยาเขตนครสวรรค์
►ส่วนจัดเก็บหนังสือเก่า นว.
บนชั้น
  ขอยืม
2. วิทยาศาสตร์การแพทย์ และสุขภาพ
วิทยาศาสตร์การแพทย์ และสุขภาพ
สถานะ=หนังสือเก่า
QV737 ธ666s ฉ.2 
  Barcode: 25147
ห้องสมุดวิทยาเขตนครสวรรค์
►ส่วนจัดเก็บหนังสือเก่า นว.
บนชั้น
  ขอยืม

รายการใกล้เคียง
    ผู้แต่ง [ธีระพงษ์ ศรีศิลป์]

    หัวเรื่อง [Community Pharmacy Services]
    หัวเรื่อง [Drug Therapy]
    หัวเรื่อง [ร้านขายยา]
    หัวเรื่อง [การรักษาด้วยยา]

BibComment


ยังไม่เคยถูกคอมเมนท์

คอมเมนท์ทรัพยากรรายการนี้
  คอมเมนท์: Short note pharm..


 Copyright 2026. Bcnsprnw @Library